Dom2k 1984 Simulation MVPs - Statistics

General Stats
  • This quiz has been taken 6 times
    4 since last reset
  • The average score is 4 of 29
Answer Stats
Hint Answer % Correct
2012 LeBron James
75%
1997 David Robinson
25%
1994 David Robinson
25%
2010 Dirk Nowitzki
25%
2011 Dwyane Wade
25%
2009 Dwyane Wade
25%
1995 Hakeem Olajuwon
25%
2008 LeBron James
25%
1988 Magic Johnson
25%
1987 Magic Johnson
25%
1986 Magic Johnson
25%
1984 Magic Johnson
25%
2002 Chris Webber
0%
1991 David Robinson
0%
1989 David Robinson
0%
1998 Hakeem Olajuwon
0%
1992 Hakeem Olajuwon
0%
1990 Hakeem Olajuwon
0%
1985 Isiah Thomas
0%
2006 Jason Kidd
0%
2004 Jason Kidd
0%
1996 Jason Kidd
0%
2005 Kevin Garnett
0%
2003 Kevin Garnett
0%
2007 Kobe Bryant
0%
1993 Magic Johnson
0%
2001 Michael Jordan
0%
1999 Michael Jordan
0%
2000 Shaquille O'Neal
0%
No matching quizzes found
Score Distribution
Percent of People with Each Score
Percentile by Number Answered
Your Score History
You have not taken this quiz since the last reset